| 000 | 00400nam a2200181Ia 4500 | ||
|---|---|---|---|
| 008 | 210210b1924 xxu||||| |||| 00| 0 eng d | ||
| 041 | _aeng | ||
| 082 | _a160/40 | ||
| 100 | _aJOHNSON (W E) | ||
| 245 | _aLogic Part 3 | ||
| 260 |
_aLondon _bCambridge University Press _c1924 |
||
| 300 | _axxxvi,192 | ||
| 650 | _aPart | ||
| 650 | _aLogic | ||
| 650 | _a3 | ||
| 690 | _aLogic | ||
| 906 | _a001149 | ||
| 999 |
_c116030 _d116030 |
||